00221nam a2200073Ia 4500008004100000082000800041100002100049245007700070240331s9999 xx 000 0 und d bThi aThiruchandran, S 0aPenkalin vaimoli Illakiyam thaladdu oppari pattiya oru samuhaviyal nokku